Toutes les chansons d'H-F Thiéfaine - Statistiques

Statistiques générales
  • Ce quiz a été pris 93 fois
  • Le résultat moyen est 53 sur 190
Statistiques - réponses
Titre % Correct
10 La fille du coupeur de joints
80%
1 L'ascenseur de 22h43 (1ère partie)
71%
6 L'ascenseur de 22h43 (2ème partie)
71%
3 Je t'en remets au vent
67%
5 Les dingues et les paumés
67%
11 Alligators 427
64%
1 Soleil cherche futur
64%
2 Lorelei sébasto cha
62%
2 Narcisse 81
58%
1 113ème cigarette sans dormir
56%
10 Autorisation de délirer
56%
3 Mathématiques souterraines
56%
1 La ruelle des morts
51%
8 22 Mai
47%
6 Cabaret Sainte-Lilith
47%
4 La maison Borniol
47%
1 La vierge au dodge 51
47%
7 Sweet amanite phalloïde Queen
47%
1 Diès olé sparadrap Joey
44%
5 La Cancoillotte
44%
2 La fin du Saint-Empire Romain germanique
44%
3 La môme kaléidoscope
44%
11 Le chant du fou
44%
3 Autoroutes jeudi d'automne
42%
6 De l'amour, de l'art ou du cochon?
42%
7 Première descente aux enfers par la face nord
42%
2 Court-métrage
40%
9 Errer humanum est
40%
7 L'agence des amants de Madame Müller
40%
5 Le jeu de la folie
40%
7 Rock joyeux
40%
5 Septembre rose
40%
8 Solexine et ganja
40%
6 Bipède à station verticale
38%
4 Confessions d'un Never Been
38%
9 Exil sur planète-fantôme
38%
2 Scandale mélancolique
38%
4 Taxiphonant d'un pack de kro
38%
8 Une fille au rhésus négatif
38%
6 Animal en quarantaine
36%
5 Comme un chien dans un cimetière (Le 14 Juillet)
36%
7 Droïde Song
36%
6 Enfermé dans les cabinets (avec la fille mineure des 80 chasseurs)
36%
4 Femme de Loth
36%
2 Groupie 89 turbo 6
36%
2 La Ballade D'Abdallah Géronimo Cohen
36%
4 L'homme politique, le roll-mops et la cuve à mazout
36%
2 Page noire
36%
10 Redescente climatisée
36%
4 Scorbut (Du Film « Rock à la préfecture » )
36%
8 Vendôme Gardenal Snack
36%
1 Crépuscule - transfert
33%
12 Elle danse
33%
10 Exercice de simple provocation avec 33 fois le mot coupable
33%
5 Karaganda (Camp 99)
33%
3 L'amour mou
33%
11 La philosophie du chaos
33%
1 Psychanalyse du singe
33%
9 Rock-autopsie
33%
1 Stalag Tilt
33%
4 Stratégie de l'inespoir
33%
3 Un Automne A Tanger (Antinoüs Nostalgia)
33%
6 Un vendredi 13 à 5h
33%
5 Affaire Rimbaud
31%
1 Demain les Kids
31%
8 Dernière station avant l'autoroute
31%
6 Exit to chatagoune-goune
31%
6 Joli mai mois de Marie
31%
9 La dèche, le twist & le reste
31%
4 La fin du roman
31%
9 Le chaos de la philosophie
31%
4 Narine narchande
31%
7 Photographie-Tendresse
31%
1 Was ist das Rock'n'Roll?
31%
2 Angélus
29%
1 Du soleil dans ma rue
29%
1 En remontant le fleuve
29%
6 Eux
29%
4 Garbo XW machine
29%
8 Je suis partout
29%
7 La queue
29%
11 La terre tremble
29%
11 Les fastes de la solitude
29%
3 Nyctalopus Airline
29%
4 Pulque, mescal y tequila
29%
2 Quand la banlieue descendra sur la ville
29%
6 Sentiments numériques revisités
29%
2 Whiskeuses images again
29%
5 542 lunes et 7 jours environ
27%
3 Amants Destroy
27%
7 Chambre 2023 (& des poussières)
27%
8 Diogène série 87
27%
2 Fièvre résurrectionnelle
27%
3 Gynécées
27%
2 Je ne sais plus quoi faire pour te décevoir
27%
12 Les filles du sud
27%
5 Petit matin 4.10 heure d'été
27%
8 Reykjavik
27%
5 Scènes de panique tranquille
27%
14 Terrien, t'es rien
27%
3 Trois poèmes pour Annabel Lee
27%
5 Variations autour du complexe d'Icare
27%
12 When Maurice meets Alice
27%
2 Zone chaude, môme
27%
1 24 heures dans la nuit d'un faune
24%
4 Bruits de bulles
24%
5 Buenas noches Jo
24%
11 Combien de jours encore
24%
13 Encore un petit café
24%
3 Est-ce ta première fin de millénaire?
24%
5 Fin de partie
24%
8 Juste une valse noire
24%
3 La nostalgie de Dieu
24%
12 La nostalgie de Dieu (Version Unplugged)
24%
7 L'étranger dans la glace
24%
2 Pogo sur la Deadline
24%
5 Tita Dong-Dong Song
24%
4 Ad orgasmum aeternum
22%
9 Amour désaffecté
22%
10 Des adieux
22%
10 Médiocratie
22%
5 Nuits blanches
22%
7 Portrait de femme en 1922
22%
3 Précox Éjaculator
22%
11 Quebec November Hotel
22%
7 Résilience zéro
22%
11 Retour à Célingrad
22%
6 Syndrome albatros
22%
12 Toboggan
22%
1 Une ambulance pour Elmo Lewis
22%
2 Critique du chapitre 3
20%
9 Eloge de la tristesse
20%
5 Guichet 102
20%
7 Infinitives voiles
20%
2 Les mouches bleues
20%
1 Libido moriendi
20%
10 L'idiot qu'on a toujours été
20%
9 Lobotomie Sporting Club
20%
7 Mojo - dépanneur tv (1948-2023)
20%
6 Mytilène Island
20%
8 Parano Safari en ego-trip-transit (ou comment plumer son ange gardien)
20%
6 Zoo Zumains Zébus
20%
4 Also sprach Winnie l'ourson
18%
1 Avenue de l'amour
18%
3 Fenêtre sur désert
18%
11 La nuit de la Samain
18%
7 Prière pour Ba'al Azabab
18%
7 Série de 7 rêves en Crash Position
18%
8 Ta vamp orchidoclaste
18%
9 Télégramme 2003
18%
12 Une provinciale de petite bourgeoisie
18%
9 Villes natales et frenchitude
18%
6 Bouton de rose
16%
7 Camélia : Huile sur toile (A Charles Belle)
16%
4 Caméra Terminus
16%
6 Compartiment C voiture 293 Edward Hopper 1938
16%
5 Dans quel état terre
16%
6 Last exit to paradise
16%
10 Les ombres du soir
16%
8 Lubies sentimentales
16%
10 Maalox Texas Blues
16%
4 Méthode de dissection du pigeon à Zone-la-Ville
16%
9 Vers la folie
16%
7 Distance
13%
8 Les jardins sauvages
13%
10 Loin des temples en marbre de lune
13%
8 Misty Dog in love
13%
4 Orphée nonante-huit
13%
1 Retour vers la lune noire
13%
7 27ème Heure : Suite Faunesque
11%
3 Fotheringhay 1587
11%
5 L'appel de la forêt
11%
3 Le Touquet juillet 1935
11%
13 Le vieux bluesman & la bimbo
11%
9 Paranoïd Game
11%
13 That angry man on the pier
11%
8 Copyright apéro mundi
9%
9 Psychopompes, métempsychose & sportswear
9%
3 Empreintes sur négatif
7%
8 Eurydice nonante-sept
7%
10 Roots & déroutes + croisement
7%
10 Photographie d'un rêveur
4%
8 Rendez-vous au dernier carrefour
4%
11 Your Terraplane is ready Mister Bob
4%
3 Amant sous contrôle
2%
2 Emeute émotionnelle
2%
12 Juste avant l'enfer
2%
6 Les douceurs de la vengeance
2%
9 Spécial ado SMS blues
2%
4 Stindberg 2007
0%
Aucun quiz correspondant
Distribution des résultats
% des personnes avec chaque résultat
Percentile par nombre de réponses
Votre historique - résultats
Vous n’avez pas pris ce quiz